Orthopedic manual therapy : an evidence based approach

This textbook has been extensively updated and presents all modern foundations of orthopedic manual therapy, including patient management, clinical reasoning, reflective practice, and problem solving. The comprehensive, regional approach to the body helps therapists synthesize new research, didactic...

Full description

Bibliographic Details
Main Author: Cook, Chad
Format: Libro
Language:Spanish
Published: Upper Saddle River, NJ : Pearson Education, 2012.
Edition:Second edition.
Subjects:
Online Access:

MARC

LEADER 00000nam a22000007a 4500
003 UAHC
005 20250325130143.0
008 250325s2012 -us|||| |||| 00| 0 spa d
020 |a 9780138021733 
040 |a UAHC  |c UAHC 
082 |a 616.7  |b C771 
100 |a Cook, Chad  |9 21255 
245 |a Orthopedic manual therapy :   |b an evidence based approach  |c Chad Cook. 
250 |a Second edition. 
260 |a Upper Saddle River, NJ :  |b Pearson Education,  |c 2012. 
300 |a 538 páginas. 
520 |a This textbook has been extensively updated and presents all modern foundations of orthopedic manual therapy, including patient management, clinical reasoning, reflective practice, and problem solving. The comprehensive, regional approach to the body helps therapists synthesize new research, didactic knowledge, and clinical expertise. 
650 0 |a Ortopedia  |9 18946 
650 0 |a Manipulación ortopédica  |9 21256 
650 0 |a Medicina física  |9 21257 
900 |a 616.7 COO 
942 |2 ddc  |c BK 
952 |0 0  |1 0  |2 ddc  |4 0  |6 616_700000000000000_COO  |7 0  |8 BAS  |9 100611  |a BC  |b BC  |c General  |d 2025-03-25  |e Compra  |g 141235.00  |l 0  |o 616.7 COO  |p 1472375  |r 2025-11-25 00:00:00  |t 1  |w 2025-03-25  |x OC: 2321 / Factura Buscalibre Nº230329  |y BK  |z También lo encuentras en bibliografias.academia.cl  |A IKM  |B Kinesiología 
999 |c 62479  |d 62479